| 000 | 00679nam a22002297a 4500 | ||
|---|---|---|---|
| 003 | SISC | ||
| 005 | 20160303103212.0 | ||
| 008 | 130723t xxu||||| |||| 00| 0 eng d | ||
| 020 | _a0140350349 | ||
| 050 |
_aPZ 8.1 _b.G795 1956 |
||
| 082 |
_aCLA _bG82a 1956 |
||
| 100 |
_aGreen, Roger Lancelyn _93354 |
||
| 245 |
_aThe adventures of Robin Hood / _ccollected and retold by Roger Lancelyn Green. |
||
| 260 |
_aNew York : _bPenguin Group, _cc1956. |
||
| 300 |
_a256 p. ; _c18 cm. |
||
| 562 | _e1 | ||
| 650 |
_aAdventures and adventurers _xFiction _93355 |
||
| 650 |
_aChildren's literature _91986 |
||
| 700 |
_aGreen, Roger Lancelyn _93356 |
||
| 942 |
_2lcc _cBK |
||
| 999 |
_c7537 _d7537 |
||